000
00231nam a2200097Ia 4500
005
20251222114341.0
008
251222s1900||||xx |||||||||||||| ||spa||
082
_a
DVD0070/P41/2007
245
0
_a
Camino Salvaje:Into the wild
942
_c
DVD
999
_c
877
_d
877